पासवर्ड / (Record no. 43802)

MARC details
000 -LEADER
fixed length control field 03318nam a22003977a 4500
005 - DATE AND TIME OF LATEST TRANSACTION
control field 20100904111728.0
010 ## - LCCN (DPL NO)
LC control number HIN-90363 B-433904-914
020 ## - INTERNATIONAL STANDARD BOOK NUMBER
International Standard Book Number 9788171382194
Terms of availability 360.00
035 ## - SYSTEM CONTROL NUMBER
System control number HN-62709
035 ## - SYSTEM CONTROL NUMBER
System control number B-433904-914
037 ## - SOURCE OF ACQUISITION
Source of stock number/acquisition DBAD / PUB
037 ## - SOURCE OF ACQUISITION
Source of stock number/acquisition बल्यू बैरी
082 ## - DEWEY DECIMAL CLASSIFICATION NUMBER
Classification number
100 ## - MAIN ENTRY--PERSONAL NAME
Personal name कमल कुमार
245 ## - TITLE STATEMENT
Title पासवर्ड /
Statement of responsibility, etc कमल कुमार
246 ## - VARYING FORM OF TITLE
Title proper/short title Password
Remainder of title by Kamal Kumar
260 ## - PUBLICATION, DISTRIBUTION, ETC. (IMPRINT)
Place of publication, distribution, etc नई दिल्ली
Name of publisher, distributor, etc सामयिक बुक्स
Date of publication, distribution, etc 2010
270 ## - ADDRESS
Address 3320-21, जटवाड़ा, दरियागंज, एन.एस.मार्ग
City नई दिल्ली
Postal code 110002
300 ## - PHYSICAL DESCRIPTION
Extent 240पृ.
Dimensions 22सेमी (सजिल्द)
650 ## - SUBJECT ADDED ENTRY--TOPICAL TERM
Topical term or geographic name as entry element हिन्दी कथा साहित्य
700 ## - ADDED ENTRY--PERSONAL NAME
9 (RLIN) 18260
942 ## - ADDED ENTRY ELEMENTS (KOHA)
Source of classification or shelving scheme Dewey Decimal Classification
Item type Hindi Books
Classification part
Call number suffix कमल
Holdings
Withdrawn status Lost status Not for loan Collection code Home library Current library Date acquired Source of acquisition Cost, normal purchase price Full call number Barcode Copy number Cost, replacement price Koha item type
      Fiction Central Library Central Library 22/07/2011 बल्यू बैरी/6362/25.3.11/79/15.3.11/31.3.11 360.00 उ कमल B-433904 2 360.00 Hindi Books
      Fiction Central Library Central Library 22/07/2011 बल्यू बैरी/6362/25.3.11/79/15.3.11/31.3.11 360.00 उ कमल B-433905 2 360.00 Hindi Books
    Not For Loan Fiction D.B.Act.Division D.B.Act.Division 04/09/2010 DBAD / PUB 360.00 उ कमल HN-62709 1 360.00 Hindi Books
      Fiction Janak Puri Janak Puri 22/07/2011 बल्यू बैरी/6362/25.3.11/79/15.3.11/31.3.11 360.00 उ कमल B-433907 1 360.00 Hindi Books
      Fiction Karol Bagh Karol Bagh 22/07/2011 बल्यू बैरी/6362/25.3.11/79/15.3.11/31.3.11 360.00 उ कमल B-433912 1 360.00 Hindi Books
      Fiction Narela Narela 22/07/2011 बल्यू बैरी/6362/25.3.11/79/15.3.11/31.3.11 360.00 उ कमल B-433913 1 360.00 Hindi Books
      Fiction Patel Nagar Patel Nagar 22/07/2011 बल्यू बैरी/6362/25.3.11/79/15.3.11/31.3.11 360.00 उ कमल B-433906 1 360.00 Hindi Books
      Fiction R.K.Puram-8 R.K.Puram-8 22/07/2011 बल्यू बैरी/6362/25.3.11/79/15.3.11/31.3.11 360.00 उ कमल B-433910 1 360.00 Hindi Books
      Fiction Sarojini Nagar Sarojini Nagar 22/07/2011 बल्यू बैरी/6362/25.3.11/79/15.3.11/31.3.11 360.00 उ कमल B-433908 2 360.00 Hindi Books
      Fiction Sarojini Nagar Sarojini Nagar 22/07/2011 बल्यू बैरी/6362/25.3.11/79/15.3.11/31.3.11 360.00 उ कमल B-433909 2 360.00 Hindi Books
      Fiction Shahdara Branch Shahdara Branch 22/07/2011 बल्यू बैरी/6362/25.3.11/79/15.3.11/31.3.11 360.00 उ कमल B-433914 1 360.00 Hindi Books
      Fiction Vinoba Puri Vinoba Puri 22/07/2011 बल्यू बैरी/6362/25.3.11/79/15.3.11/31.3.11 360.00 उ कमल B-433911 1 360.00 Hindi Books

© Delhi Public Library
Hit Counter
free hit counter